| 000 | 00584nam a2200193Ia 4500 | ||
|---|---|---|---|
| 005 | 20260601193223.0 | ||
| 008 | 260601s9999||||xx |||||||||||||| ||und|| | ||
| 020 |
_a978-981-99-7661-4 _qebk |
||
| 100 | _aZiquan Yu | ||
| 245 | 0 | _aFault-Tolerant Cooperative Control of Unmanned Aerial Vehicles | |
| 250 | _a2024 | ||
| 260 |
_aHeidelberg, Germany _bSpringer Nature _c2024 |
||
| 650 | _aComputer Science | ||
| 700 | _aBin Jiang | ||
| 700 | _aChun-Yi Su | ||
| 700 | _aYoumin Zhang | ||
| 856 | _uhttps://link.springer.com/openurl?genre=book&isbn=978-981-99-7661-4 | ||
| 942 |
_cEB _2ddc |
||
| 999 |
_c55862 _d55862 |
||